ბათუმის შოთა რუსთაველის სახელმწიფო უნივერსიტეტის ბიბლიოთეკა

The Johns Hopkins Manual of Gynecology And Obstetrics / (ბიბ.ჩანაწერი № 61850)

000 -LEADER
fixed length control field 00936nam a22002297a 4500
005 - DATE AND TIME OF LATEST TRANSACTION
control field 20240529112310.0
008 - FIXED-LENGTH DATA ELEMENTS--GENERAL INFORMATION
fixed length control field 240529s2007 enk||||| |||| 00| 0 eng d
020 ## - INTERNATIONAL STANDARD BOOK NUMBER
International Standard Book Number ‎9780781762496x
041 ## - LANGUAGE CODE
Language code of text/sound track or separate title eng
080 ## - UNIVERSAL DECIMAL CLASSIFICATION NUMBER
Universal Decimal Classification number 618 T-44
245 ## - TITLE STATEMENT
Title The Johns Hopkins Manual of Gynecology And Obstetrics /
Statement of responsibility, etc. Edited by Fortner, Kimberly B. Szymanski, Linda M., Fox, Harold E., Edward E. Wallach.
264 ## - PRODUCTION, PUBLICATION, DISTRIBUTION, MANUFACTURE, AND COPYRIGHT NOTICE
Place of production, publication, distribution, manufacture Philadelphia :
Name of producer, publisher, distributor, manufacturer Lippincott Williams & Wilkins,
Date of production, publication, distribution, manufacture, or copyright notice 2007.
300 ## - PHYSICAL DESCRIPTION
Extent 631 p.:
Other physical details ill.;
Dimensions 22 cm.
653 ## - INDEX TERM--UNCONTROLLED
keyword გინეკოლოგია
653 ## - INDEX TERM--UNCONTROLLED
keyword მეანობა
653 ## - INDEX TERM--UNCONTROLLED
keyword მედიცინა
700 ## - ADDED ENTRY--PERSONAL NAME
Personal name Fortner, Kimberly B.
Relator term რედაქტორი
9 (RLIN) 22210
700 ## - ADDED ENTRY--PERSONAL NAME
Personal name Szymanski, Linda M.
Relator term რედაქტორი
9 (RLIN) 22211
700 ## - ADDED ENTRY--PERSONAL NAME
Personal name Fox, Harold E.
Relator term რედაქტორი
9 (RLIN) 8696
700 ## - ADDED ENTRY--PERSONAL NAME
Personal name Wallach Edward E.
Relator term რედაქტორი
9 (RLIN) 8697
942 ## - ADDED ENTRY ELEMENTS (KOHA)
Source of classification or shelving scheme
Koha item type წიგნი
ეგზემპლარები
Withdrawn status Lost status Source of classification or shelving scheme Damaged status Not for loan Permanent Location Current Location Shelving location Date acquired Cost, normal purchase price Full call number Barcode Date last seen Copy number Price effective from Koha item type Public note
          ბათუმის შოთა რუსთაველის სახელმწიფო უნივერსიტეტის მთავარი ბიბლიოთეკა ბათუმის შოთა რუსთაველის სახელმწიფო უნივერსიტეტის მთავარი ბიბლიოთეკა წიგნსაცავი 2024-05-29 140.00 618 T-44 68000 2024-05-29 68000 2024-05-29 წიგნი 140 ლ.